000 00251nam a2200097Ia 4500
001 715141
005 20250826162919.0
008 250824s9999 xx 000 0 und d
245 0 _aFERDİ VE ŞÜREKASI
_cHALİD ZİYA UŞAKLIGİL
260 _bCAN YAYINLARI
999 _c715141
_d715141